FAST FORWARD THE BEST IDEAS ON MANAGING (Record no. 23775)
[ view plain ]
| 000 -LEADER | |
|---|---|
| fixed length control field | 00340nam a2200133Ia 4500 |
| 008 - FIXED-LENGTH DATA ELEMENTS--GENERAL INFORMATION | |
| fixed length control field | 240624s9999 xx 000 0 und d |
| 041 ## - LANGUAGE CODE | |
| Language code of text/sound track or separate title | eng |
| 082 ## - DEWEY DECIMAL CLASSIFICATION NUMBER | |
| Classification number | 658.406 CHA |
| 100 ## - MAIN ENTRY--PERSONAL NAME | |
| Personal name | CHAMPY JAMES |
| 245 ## - TITLE STATEMENT | |
| Title | FAST FORWARD THE BEST IDEAS ON MANAGING |
| 260 ## - PUBLICATION, DISTRIBUTION, ETC. | |
| Date of publication, distribution, etc. | 1996 |
| Name of publisher, distributor, etc. | Harvard Business Press Books |
| 300 ## - PHYSICAL DESCRIPTION | |
| Extent | 320 : p. |
| 365 ## - TRADE PRICE | |
| Currency code | RS |
| Price amount | 25 |
| Withdrawn status | Lost status | Damaged status | Not for loan | Home library | Current library | Shelving location | Date acquired | Source of acquisition | Cost, normal purchase price | Full call number | Barcode | Date last seen | Copy number | Price effective from | Koha item type |
|---|---|---|---|---|---|---|---|---|---|---|---|---|---|---|---|
| IMTN | IMTN | Rack 31-A | 11/11/2014 | MB | 1495.00 | 658.406 CHA | 23775 | 06/24/2024 | 1 | 06/24/2024 | Books |